000 00747aam a2200289 i 4500
001 330
003 CO-MdBIC
005 20210918121959.0
008 210918t1840 sp ||||| |||| 00| 0 eng d
040 _bspa.
_aCO-MdFUSB
_cCO-MdFUSB
_dCO-MdFUSBC
_erda
041 _aspa
082 0 4 _aR 473 V139d
100 1 _aValbuena, Manuel de
245 1 0 _aDiccionario Latino-Español / Valbuena
_c/
260 _aParis
264 1 _aEspaña, :
_bValbuena
_c[1840]
264 4 _c© 1840
300 _a[pag. varía]
_c;
336 _2rdacontent
_atexto
_btxt
337 _2rdamedia
_asin mediación
_bn
338 _2rdacarrier
_avolumen
_bnc
653 _aLatin
653 _aDiccionario
653 _aEspañol
942 _cBK
945 _aEstudiante
999 _c31866
_d31866